[Event "Espalion op 3rd"]
[Site "Espalion"]
[Date "2018.07.15"]
[Round "2"]
[White "Pass, Deborah"]
[Black "Gozzoli, Yannick"]
[Result "0-1"]
[WhiteElo "1951"]
[BlackElo "2587"]
[PlyCount "62"]
[EventDate "2018.07.14"]
[EventType "swiss"]
[EventRounds "9"]
[EventCountry "FRA"]
[SourceTitle "CBM 185 Extra"]
[Source "ChessBase"]
[SourceDate "2018.07.29"]
[SourceVersion "1"]
[SourceVersionDate "2018.07.29"]
[SourceQuality "1"]

1. e4 Nf6 2. e5 Nd5 3. Bc4 Nb6 4. Bb3 d6 5. Nf3 Bf5 6. Nd4 e6 7. Nxf5 exf5 8. exd6 Bxd6 9. Qe2+ Qe7 10. Qxe7+ Kxe7 11. d4 Re8 12. 0-0 N8d7 13. Nd2 a5 14. c3 a4 15. Bc2 Kf6 16. Nf3 h6 17. Bd2 Nc4 18. Bc1 b5 19. Nh4 g6 20. Nf3 Kg7 21. Bd3 Ndb6 22. Rb1 c6 23. b3 Na3 24. Bxa3 Bxa3 25. Ne5 Nd5 26. b4 Rxe5 27. dxe5 Nxc3 28. Rfe1 Rd8 29. Be2 Rd2 30. Bf3 Rc2 31. Bd1 Rxa2 0-1

[Event "Calvi Balagne op 07th"]
[Site "Calvi"]
[Date "2010.04.27"]
[Round "4"]
[White "Diamant, Andre"]
[Black "Pass, Deborah"]
[Result "1-0"]
[WhiteElo "2486"]
[BlackElo "1943"]
[PlyCount "69"]
[EventDate "2010.04.25"]
[EventType "swiss"]
[EventRounds "9"]
[EventCountry "FRA"]
[SourceTitle "CBM 136 Extra"]
[Source "ChessBase"]
[SourceDate "2010.07.02"]
[SourceVersion "2"]
[SourceVersionDate "2010.07.15"]
[SourceQuality "1"]

1. e4 d5 2. exd5 Nf6 3. c4 e6 4. dxe6 Bxe6 5. Nf3 c5 6. Be2 Nc6 7. 0-0 Bd6 8. Nc3 a6 9. d3 0-0 10. Bg5 Be7 11. Re1 h6 12. Bf4 g5 13. Be3 Ng4 14. Nxg5 Nxe3 15. Nxe6 fxe6 16. fxe3 Bg5 17. Bg4 Qe7 18. Qe2 Ne5 19. Bh3 Rad8 20. Rad1 Kh8 21. Ne4 Bh4 22. Rf1 Rg8 23. Qh5 Bg5 24. Nxg5 Qxg5 25. Qxg5 Rxg5 26. Bxe6 Rxd3 27. Rxd3 Nxd3 28. e4 b5 29. cxb5 axb5 30. b3 Nb4 31. a3 Nc2 32. a4 bxa4 33. bxa4 Ne3 34. Rf8+ Kg7 35. Rg8+ 1-0

[Event "Creon op 14th"]
[Site "Creon"]
[Date "2009.07.30"]
[Round "5"]
[White "Pass, Deborah"]
[Black "Navrotescu, Andreea Cristiana"]
[Result "1/2-1/2"]
[WhiteElo "2000"]
[BlackElo "1847"]
[PlyCount "88"]
[EventDate "2009.07.27"]
[EventType "swiss"]
[EventRounds "9"]
[EventCountry "FRA"]
[SourceTitle "CBM 131 Extra"]
[Source "ChessBase"]
[SourceDate "2009.09.03"]
[SourceVersion "2"]
[SourceVersionDate "2009.09.16"]
[SourceQuality "1"]

1. e4 c5 2. c3 d5 3. exd5 Qxd5 4. d4 Nf6 5. Nf3 Bg4 6. dxc5 Qxd1+ 7. Kxd1 e6 8. b4 Be7 9. Nbd2 0-0 10. h3 Bh5 11. g4 Bg6 12. Ne5 Ne4 13. Nxg6 Nxc3+ 14. Kc2 hxg6 15. Bg2 Nc6 16. a3 Rfd8 17. Nb3 Nd5 18. g5 a5 19. Bd2 axb4 20. Bxd5 Rxd5 21. axb4 Rxa1 22. Rxa1 Bxg5 23. Bxg5 Rxg5 24. b5 Nb4+ 25. Kc3 Nd5+ 26. Kc4 b6 27. c6 Nc7 28. Nd4 Rc5+ 29. Kd3 Kh7 30. Ra7 Nxb5 31. Nxb5 Rxb5 32. Rxf7 Rc5 33. c7 b5 34. Re7 b4 35. Rxe6 Rxc7 36. Rb6 Rc3+ 37. Kd2 Rc4 38. Kd3 Rh4 39. Ke2 g5 40. Kf3 g6 41. Rb7+ Kh6 42. Kg3 Re4 43. f3 Rd4 44. Rb5 Rc4 1/2-1/2

[Event "Liverpool op"]
[Site "Liverpool"]
[Date "2007.09.09"]
[Round "9"]
[White "Palliser, Richard"]
[Black "Pass, Deborah"]
[Result "1-0"]
[WhiteElo "2417"]
[BlackElo "2044"]
[PlyCount "59"]
[EventDate "2007.09.03"]
[EventType "swiss"]
[EventRounds "9"]
[EventCountry "ENG"]
[SourceTitle "CBM 120 Extra"]
[Source "ChessBase"]
[SourceDate "2007.11.01"]
[SourceVersion "1"]
[SourceVersionDate "2007.11.01"]
[SourceQuality "1"]

1. d4 Nf6 2. c4 g6 3. Nc3 Bg7 4. e4 d6 5. Nge2 0-0 6. Ng3 e5 7. d5 a5 8. Be2 Na6 9. h4 h5 10. Bg5 Qe8 11. Qd2 Ng4 12. Bxg4 Bxg4 13. f3 Bd7 14. Bh6 Qe7 15. 0-0-0 Rfb8 16. Bxg7 Kxg7 17. Nge2 b5 18. cxb5 Bxb5 19. g4 Bxe2 20. Nxe2 hxg4 21. h5 Rh8 22. fxg4 Nc5 23. Ng3 a4 24. Rdf1 a3 25. b3 Qd7 26. Qg5 Nd3+ 27. Kd2 Nf4 28. Nf5+ Kf8 29. hxg6 Rg8 30. g7+ 1-0

[Event "IECG WC.2000.S.00002 email"]
[Site "IECG email"]
[Date "1999.??.??"]
[Round "?"]
[White "Brueckner, Joachim"]
[Black "Pass, Deborah"]
[Result "1-0"]
[WhiteElo "2429"]
[BlackElo "2025"]
[PlyCount "43"]
[EventDate "1999.05.08"]
[EventType "tourn (corr)"]
[EventRounds "10"]
[SourceTitle "Corr 2008"]
[Source "ChessBase"]
[SourceDate "2008.06.24"]
[SourceVersion "1"]
[SourceVersionDate "2008.06.24"]
[SourceQuality "1"]

1. e4 g6 2. d4 Bg7 3. Nc3 c6 4. Bc4 d6 5. Qe2 Nf6 6. Nf3 0-0 7. 0-0 d5 8. Bb3 dxe4 9. Nxe4 Bg4 10. Nxf6+ exf6 11. Be3 Na6 12. Rfe1 Nc7 13. h3 Be6 14. Bxe6 fxe6 15. c4 Qd7 16. Rad1 Rfe8 17. Nd2 b6 18. Ne4 a6 19. Bf4 Re7 20. Qf3 Ne8 21. Qb3 f5 22. Ng5 1-0

[Event "Cannes"]
[Site "Cannes"]
[Date "1999.??.??"]
[Round "1"]
[White "Mohebbi, Jaffar"]
[Black "Pass, Deborah"]
[Result "1-0"]
[WhiteElo "2325"]
[BlackElo "2021"]
[PlyCount "51"]
[EventDate "1999.02.??"]
[EventType "k.o."]
[EventRounds "7"]
[EventCountry "FRA"]
[SourceTitle "EXT 2000"]
[Source "ChessBase"]
[SourceDate "1999.11.16"]
[SourceVersion "1"]
[SourceVersionDate "1999.11.16"]
[SourceQuality "1"]

1. d4 g6 2. e4 Bg7 3. Nc3 c6 4. Nf3 d5 5. Bd3 Bg4 6. h3 Bxf3 7. Qxf3 dxe4 8. Nxe4 Qxd4 9. 0-0 Nf6 10. Be3 Qd8 11. Rad1 Nbd7 12. Bc4 0-0 13. Bb3 Qc7 14. c3 Nxe4 15. Qxe4 Nf6 16. Qf3 a5 17. Rfe1 a4 18. Bc2 Nd5 19. Bd4 e5 20. Bc5 Rfe8 21. c4 Nf4 22. Qe3 Re6 23. Rd2 b5 24. Red1 Rae8 25. Rd7 Qa5 26. Ra7 1-0

[Event "Bratto op 19th"]
[Site "Bratto"]
[Date "1999.??.??"]
[Round "9"]
[White "Pass, Deborah"]
[Black "Dorighet, Claudio"]
[Result "0-1"]
[WhiteElo "2021"]
[BlackElo "2110"]
[PlyCount "62"]
[EventDate "1999.??.??"]
[EventType "swiss"]
[EventRounds "9"]
[EventCountry "ITA"]
[SourceTitle "EXT 2001"]
[Source "ChessBase"]
[SourceDate "2000.11.22"]
[SourceVersion "1"]
[SourceVersionDate "2000.11.22"]
[SourceQuality "1"]

1. e4 c5 2. Nf3 d6 3. d3 Nc6 4. g3 g6 5. Bg2 Bg7 6. Nbd2 e5 7. c3 Nge7 8. 0-0 0-0 9. a3 h6 10. Re1 Be6 11. b4 a6 12. Nf1 cxb4 13. axb4 d5 14. Bd2 Qc7 15. Qc1 Kh7 16. h3 Rac8 17. N1h2 dxe4 18. dxe4 Na7 19. Ng4 Ng8 20. Qb2 Nb5 21. Rec1 Rfd8 22. Be3 f5 23. exf5 gxf5 24. Ngh2 Nxc3 25. Nf1 e4 26. Bf4 Qc4 27. Ne5 Bxe5 28. Bxe5 Ne2+ 29. Kh2 Nxc1 30. Ne3 Qb5 31. Bh8 Qd7 0-1

[Event "IECG WC.2000.S.00002 email"]
[Site "IECG email"]
[Date "1999.??.??"]
[Round "?"]
[White "Pass, Deborah"]
[Black "Leonard, Mark"]
[Result "0-1"]
[WhiteElo "2025"]
[BlackElo "2344"]
[PlyCount "49"]
[EventDate "1999.05.08"]
[EventType "tourn (corr)"]
[EventRounds "10"]
[SourceTitle "Corr 2008"]
[Source "ChessBase"]
[SourceDate "2008.06.24"]
[SourceVersion "1"]
[SourceVersionDate "2008.06.24"]
[SourceQuality "1"]

1. e4 e5 2. Bc4 Nf6 3. d3 c6 4. Nf3 Be7 5. 0-0 d6 6. Re1 Nbd7 7. Nbd2 0-0 8. c3 Nc5 9. b4 Ne6 10. Bb3 a5 11. bxa5 Qxa5 12. Qc2 Re8 13. Nc4 Qc7 14. Be3 Ra6 15. a4 Ng4 16. a5 Nxe3 17. Rxe3 b5 18. Nb6 Nc5 19. d4 Nb7 20. Nxc8 Rxc8 21. h4 Rxa5 22. Ree1 Rca8 23. Rxa5 Nxa5 24. Qa2 Rf8 25. Bxf7+ 0-1

[Event "IECG WC.2000.S.00002 email"]
[Site "IECG email"]
[Date "1999.??.??"]
[Round "?"]
[White "Pass, Deborah"]
[Black "Scheffner, Axel"]
[Result "0-1"]
[WhiteElo "2025"]
[BlackElo "2504"]
[PlyCount "78"]
[EventDate "1999.05.08"]
[EventType "tourn (corr)"]
[EventRounds "10"]
[SourceTitle "Corr 2008"]
[Source "ChessBase"]
[SourceDate "2008.06.24"]
[SourceVersion "1"]
[SourceVersionDate "2008.06.24"]
[SourceQuality "1"]

1. e4 c5 2. Nf3 e6 3. d3 d5 4. Nbd2 Nc6 5. Be2 Bd6 6. 0-0 Nge7 7. Re1 0-0 8. Bf1 Qc7 9. c3 d4 10. Nc4 e5 11. Nxd6 Qxd6 12. g3 Ng6 13. c4 h6 14. h3 a6 15. Nh2 b5 16. b3 bxc4 17. bxc4 Rb8 18. h4 f5 19. exf5 Bxf5 20. Bg2 Nb4 21. Be4 Qf6 22. Qd2 Ne7 23. Rb1 Nbc6 24. Rxb8 Nxb8 25. Bxf5 Qxf5 26. Ba3 Nd7 27. Rb1 Nc6 28. g4 Qe6 29. Qe2 e4 30. Qxe4 Qxe4 31. dxe4 Nce5 32. Rb7 Rd8 33. Rb3 Nxc4 34. Nf1 Nf6 35. f3 d3 36. g5 d2 37. Nxd2 Nxd2 38. gxf6 Nxb3 39. axb3 Rd3 0-1

[Event "IECG WC.2000.S.00002 email"]
[Site "IECG email"]
[Date "1999.??.??"]
[Round "?"]
[White "Taboada, Pedro Pablo"]
[Black "Pass, Deborah"]
[Result "1-0"]
[WhiteElo "2310"]
[BlackElo "2025"]
[PlyCount "81"]
[EventDate "1999.05.08"]
[EventType "tourn (corr)"]
[EventRounds "10"]
[SourceTitle "Corr 2008"]
[Source "ChessBase"]
[SourceDate "2008.06.24"]
[SourceVersion "1"]
[SourceVersionDate "2008.06.24"]
[SourceQuality "1"]

1. c4 g6 2. Nc3 Bg7 3. d4 d6 4. e4 Nf6 5. Nf3 0-0 6. Be2 Nbd7 7. 0-0 e5 8. Be3 Re8 9. d5 Nh5 10. g3 Bf8 11. b4 Ng7 12. Qc2 f5 13. Ng5 Nf6 14. c5 h6 15. Nf3 fxe4 16. Nxe4 Bf5 17. Nxf6+ Qxf6 18. Qc4 Bh3 19. Rfe1 Nf5 20. Nd2 Qf7 21. Rab1 Rad8 22. Ne4 c6 23. cxd6 Nxe3 24. fxe3 cxd5 25. Qxd5 Qxd5 26. Nf6+ Kg7 27. Nxd5 Rxd6 28. e4 Rc8 29. g4 h5 30. gxh5 Rc2 31. Rb3 Be6 32. Rg3 Bxd5 33. exd5 Rxa2 34. Bd3 Rf6 35. Rc1 Bd6 36. Bxg6 Rd2 37. Be4+ Kf7 38. b5 Rd4 39. Rg4 Rf4 40. Rg6 Rf6 41. Rf1 1-0